000 00660nam a2200193Ia 4500
003 GCL
008 140319s9999 xx 000 0 ara d
040 _aGCL /
_cGCL
082 0 4 _a349.2
_bع ا
100 1 _aعبدالغنى بسيونى عبدالله
245 1 0 _aانظمة الانتخاب فى مصر والعالم /
_cعبدالغنى بسيونى عبدالله
260 _a[S.N] :
_bمنشاة المعارف الاسلامية ،
_c1991
300 _a286 ص
490 _aالكتب القانونية
_v0
650 0 4 _aالقانون
650 0 4 _aالقانون العام
650 0 4 _aالقانون الدستورى
942 _2ddc
_cBK
999 _c32061
_d32061